000
00369nam a2200169Ia 4500
005
20250423100342.0
008
250422s9999 xx 000 0 und d
020
_a
9783489380
050
_a
PR 9387 .N54/
245
0
_a
Nigerianness
260
_a
Uwani-Enugu
260
_b
Vougasen Ltd
260
_c
2000
300
_a
335 p
650
_a
Literature
942
_c
BK
999
_c
33047
_d
33047